Dr Kekyll and Mr Hyde (Record no. 35529)

MARC details
000 -LEADER
fixed length control field 00272nam a2200109Ia 4500
082 ## - DEWEY DECIMAL CLASSIFICATION NUMBER
Classification number 82-3
Item number STE
100 ## - MAIN ENTRY--AUTHOR NAME
Personal name Stevenson, Robert Louis
245 #0 - TITLE STATEMENT
Title Dr Kekyll and Mr Hyde
260 ## - PUBLICATION, DISTRIBUTION, ETC. (IMPRINT)
Place of publication New Delhi
Name of publisher S Chand
Year of publication 1978
942 ## - ADDED ENTRY ELEMENTS (KOHA)
Koha item type Books
Holdings
Withdrawn status Lost status Damaged status Not for loan Home library Current library Date acquired Full call number Accession Number Koha item type
        RRII Library RRII Library 16/12/2021 82-3 STE 15953 Books